Essentials of Gwari grammar /

Bibliographic Details
Main Author: Hyman, Larry M.
Other Authors: Magaji, Daniel J.
Format: Book
Language:English
Published: [Ibadan] : Institute of African Studies, University of Ibadan, 1970.
Series:Occasional publication (University of Ibadan. Institute of African Studies) ; no. 27.
Subjects:

MARC

Tag First Indicator Second Indicator Subfields
LEADER 00000cam a2200000 4500
001 in00000296313
005 20151010083525.0
008 740206s1970 nr 00110 eng
010 |a  72983299  
035 |a (OCoLC)00820933 
035 |9 ABG0356AM 
040 |a DLC  |c DLC  |d TXA  |d UtOrBLW 
049 |a TXAM  |c [1157271] 
050 0 0 |a PL8227.1  |b .H9 
100 1 |a Hyman, Larry M. 
245 1 0 |a Essentials of Gwari grammar /  |c by Larry M. Hyman and Daniel J. Magaji. 
264 1 |a [Ibadan] :  |b Institute of African Studies, University of Ibadan,  |c 1970. 
300 |a 150 pages ;  |c 25 cm. 
336 |a text  |b txt  |2 rdacontent 
337 |a unmediated  |b n  |2 rdamedia 
338 |a volume  |b nc  |2 rdacarrier 
490 1 |a University of Ibadan. Institute of African Studies. Occasional publication no. 27 
650 0 |a Gbari language  |x Grammar. 
700 1 |a Magaji, Daniel J. 
830 0 |a Occasional publication (University of Ibadan. Institute of African Studies) ;  |v no. 27. 
999 |a MARS 
999 f f |s 2de73618-4051-33f4-9266-38379238b824  |i e9f02c7b-ed83-3371-b520-5e79b7dff21d  |t 0 
952 f f |p ric  |a Texas A&M University  |b Rellis Campus  |c Joint Library Facility  |s JLF  |d Remote Storage  |t 0  |e PL8227.1 .H9  |h Library of Congress classification  |i unmediated -- volume  |m A14803651441 
998 f f |a PL8227.1 .H9  |t 0  |l Remote Storage